MARC

LEADER 00000nam0a2200000 4500
001 244883
005 20231101232104.0
035 |a (RuTPU)RU\TPU\book\266278 
090 |a 244883 
100 |a 20131030d2013 k y0rusy50 ca 
101 0 |a rus 
102 |a RU 
105 |a a dm 001zy 
200 1 |a Оптико-электронный двухканальный измеритель атмосферных осадков  |e автореферат диссертации на соискание ученой степени кандидата технических наук  |e спец. 05.11.07  |f А. А. Кобзев  |g Российская академия наук (РАН), Сибирское отделение (СО), Институт мониторинга климатических и экологических систем (ИМКЭС) ; науч. рук. В. А. Корольков 
210 |a Томск  |d 2013 
215 |a 22 с.  |c ил. 
300 |a Защита сост. 15.10.2013 г. 
320 |a Библиогр.: с. 19-22 (26 назв.). 
606 1 |a Атмосферные осадки  |2 stltpush  |3 (RuTPU)RU\TPU\subj\29656  |9 52939 
610 1 |a оптико-электронные схемы 
610 1 |a алгоритмы 
610 1 |a программные средства 
610 1 |a экспериментальные образцы 
610 1 |a разработка 
610 1 |a измерительная информация 
610 1 |a результаты 
610 1 |a линейные сенсоры 
610 1 |a сигналы 
610 1 |a преобразование 
610 1 |a программное обеспечение 
610 1 |a авторефераты диссертаций 
675 |a 551.577(04)  |v 3 
686 |a 05.11.07  |2 oksvnk 
700 1 |a Кобзев  |b А. А.  |g Алексей Анатольевич 
702 1 |a Корольков  |b В. А.  |g Владимир Александрович  |4 727 
712 0 2 |a Российская академия наук (РАН)  |b Сибирское отделение (СО)  |b Институт мониторинга климатических и экологических систем (ИМКЭС)  |c (Томск)  |c (2003- )  |2 stltpush  |3 (RuTPU)RU\TPU\col\7455 
801 1 |a RU  |b 63413507  |c 20131030 
801 2 |a RU  |b 63413507  |c 20131114  |g RCR 
942 |c BK